Score 0/14 Timer 04:00
1 Play Today
Country Capital % Correct
AustraliaCanberra
98%
New ZealandWellington
92.7%
FijiSuva
72%
Papua New GuineaPort Moresby
67.7%
SamoaApia
60.7%
TuvaluFunafuti
53.5%
VanuatuPort Vila
52.2%
Country Capital % Correct
KiribatiTarawa
49.8%
NauruYaren
49.1%
MicronesiaPalikir
48.8%
Solomon IslandsHoniara
48.1%
TongaNuku'alofa
47.4%
Marshall IslandsMajuro
47.1%
PalauNgerulmud
40.1%
Remove Ads.
Support Sporcle.
Get the best of Sporcle when you Go Orange. This ad-free experience offers more features, more stats, and more fun while also helping to support Sporcle. Thank you for becoming a member.

You're not logged in!

Compare scores with friends on all Sporcle quizzes.
OR
Log In

Show Comments

Extras

Top Quizzes Today


Score Distribution

Your Account Isn't Verified!

In order to create a playlist on Sporcle, you need to verify the email address you used during registration. Go to your Sporcle Settings to finish the process.

Report this User

Report this user for behavior that violates our Community Guidelines.

Details: